| 000 | 00628nam a22001937a 4500 | ||
|---|---|---|---|
| 003 | BUBTL | ||
| 008 | 190505b xxu||||| |||| 00| 0 eng d | ||
| 020 | _a978-984-04-1177-5 | ||
| 082 | _a891.444 / AZN | ||
| 100 |
_92320 _aআজাদ, হুমায়ুন |
||
| 245 |
_aনারী / _cহুমায়ুন আজাদ |
||
| 250 | _a3rd ed. | ||
| 260 |
_aঢাকা : _bআগামী প্রকাশনী, _cc1995. |
||
| 300 |
_a408 p. : _c22 cm. |
||
| 650 | 0 |
_91689 _aবাংলা সাহিত্য |
|
| 856 |
_k0 _l0 _yDownload |
||
| 942 |
_2ddc _cBK |
||
| 999 |
_c6033 _d6033 |
||